|
|
|
|
| LEADER |
00000cam a22000004a 4500 |
| 001 |
musev2_69646 |
| 003 |
MdBmJHUP |
| 005 |
20230905051206.0 |
| 006 |
m o d |
| 007 |
cr||||||||nn|n |
| 008 |
080407s2007 ncu o 00 0 eng d |
| 020 |
|
|
|a 9780822389569
|
| 020 |
|
|
|z 9780822339434
|
| 020 |
|
|
|z 9780822339328
|
| 035 |
|
|
|a (OCoLC)1142379173
|
| 040 |
|
|
|a MdBmJHUP
|c MdBmJHUP
|
| 100 |
1 |
|
|a Bunk, Brian D.,
|d 1968-
|e author.
|
| 245 |
1 |
0 |
|a Ghosts of Passion :
|b Martyrdom, Gender, and the Origins of the Spanish Civil War /
|c Brian D. Bunk.
|
| 264 |
|
1 |
|a Durham :
|b Duke University Press,
|c 2007.
|
| 264 |
|
3 |
|a Baltimore, Md. :
|b Project MUSE,
|c 2020
|
| 264 |
|
4 |
|c ©2007.
|
| 300 |
|
|
|a 1 online resource (256 pages):
|b illustrations
|
| 336 |
|
|
|a text
|b txt
|2 rdacontent
|
| 337 |
|
|
|a computer
|b c
|2 rdamedia
|
| 338 |
|
|
|a online resource
|b cr
|2 rdacarrier
|
| 505 |
0 |
|
|a Introduction -- The Revolution of October 1934 -- Sacred blood : the martyrs of Turón and conservative politics -- "Your comrades will not forget!" revolutionary martyrs and political unity -- Grandsons of the Cid : masculinity, sexual violence, and the destruction of the family -- Hyenas, harpies, and proletarian mothers : commemorating female participation -- The October Revolution in democratic Spain.
|
| 520 |
|
|
|a Deals with central problem in modern Spanish history-- why did civil war break out in 1936-- arguing that cultural representations of earlier revolution helped trigger the war through focus on social tensions around religion and gender.
|
| 588 |
|
|
|a Description based on print version record.
|
| 651 |
|
7 |
|a Spain
|z Asturias.
|2 fast
|0 (OCoLC)fst01225132
|
| 651 |
|
7 |
|a Spain.
|2 fast
|0 (OCoLC)fst01204303
|
| 651 |
|
6 |
|a Espagne
|x Histoire
|y 1936-1939 (Guerre civile)
|x Participation des femmes.
|
| 651 |
|
6 |
|a Espagne
|x Histoire
|y 1936-1939 (Guerre civile)
|x Aspect social.
|
| 651 |
|
0 |
|a Spain
|x History
|y Civil War, 1936-1939
|x Participation, Female.
|
| 651 |
|
0 |
|a Spain
|x History
|y Civil War, 1936-1939
|x Social aspects.
|
| 651 |
|
0 |
|a Asturias (Spain)
|x History
|y Revolution, 1934.
|
| 651 |
|
0 |
|a Spain
|x History
|y Civil War, 1936-1939
|x Causes.
|
| 650 |
0 |
7 |
|a Spanischer Bürgerkrieg.
|2 swd
|
| 650 |
|
7 |
|a Entstehung
|2 gnd
|
| 650 |
|
7 |
|a War
|x Causes.
|2 fast
|0 (OCoLC)fst01170331
|
| 650 |
|
7 |
|a Social aspects.
|2 fast
|0 (OCoLC)fst01354981
|
| 650 |
|
7 |
|a Military participation
|x Female.
|2 fast
|0 (OCoLC)fst01353719
|
| 650 |
|
7 |
|a HISTORY / Europe / Spain & Portugal
|2 bisacsh
|
| 650 |
|
7 |
|a HISTORY
|z Europe
|x Spain & Portugal.
|2 bisacsh
|
| 655 |
|
7 |
|a History.
|2 fast
|0 (OCoLC)fst01411628
|
| 655 |
|
7 |
|a Electronic books.
|2 local
|
| 710 |
2 |
|
|a Project Muse.
|e distributor
|
| 830 |
|
0 |
|a Book collections on Project MUSE.
|
| 856 |
4 |
0 |
|z Texto completo
|u https://projectmuse.uam.elogim.com/book/69646/
|
| 945 |
|
|
|a Project MUSE - Custom Collection
|